000 00195nam a2200097Ia 4500
008 221030s9999 xx 000 0 und d
082 _a105.23
245 0 _adelete entry
260 _c0
942 _cTH
999 _c6150
_d6150